Jane Austen Couples - Statistics

General Stats
  • This quiz has been taken 933 times
  • The average score is 9 of 11
Answer Stats
Hint Answer % Correct
Mr. Darcy Elizabeth
100%
Mr. Bingley Jane
93%
Mr. Wickham Lydia
91%
Mr. Knightley Emma
89%
Mr. Collins Charlotte
83%
Colonel Brandon Marianne
73%
Edward Ferrars Elinor
70%
Frank Churchill Jane
69%
Captain Wentworth Anne
67%
Edmund Bertram Fanny
62%
Henry Tilney Catherine
54%
No matching quizzes found
Score Distribution
Percent of People with Each Score
Percentile by Number Answered
Your Score History
You have not taken this quiz